Normal view
MARC view
- Hodge, E.H.Vere
Entry Personal Name
001 - CONTROL NUMBER
- control field: 40157
003 - CONTROL NUMBER IDENTIFIER
- control field: NUST
005 - DATE AND TIME OF LATEST TRANSACTION
- control field: 20210314131659.0
008 - FIXED-LENGTH DATA ELEMENTS
- fixed length control field: 210314|| aca||aabn | a|a d
040 ## - CATALOGING SOURCE
- Original cataloging agency: NUST
- Transcribing agency: NUST
100 ## - HEADING--PERSONAL NAME
- Personal name: Hodge, E.H.Vere
670 ## - SOURCE DATA FOUND
- Source citation: Work cat.: (NUST): Hodge, E.H.Vere, Birch's management and medical treatment of children in India and the trpics, 1933
